Mahatma: (Record no. 226462)
[ view plain ]
| 000 -LEADER | |
|---|---|
| fixed length control field | 00720nam a22002537a 4500 |
| 005 - DATE AND TIME OF LATEST TRANSACTION | |
| control field | 20230128092005.0 |
| 008 - FIXED-LENGTH DATA ELEMENTS--GENERAL INFORMATION | |
| fixed length control field | 230128b ||||| |||| 00| 0 eng d |
| 040 ## - CATALOGING SOURCE | |
| Transcribing agency | AL |
| 041 ## - LANGUAGE CODE | |
| Language code of text/sound track or separate title | eng |
| 082 ## - DEWEY DECIMAL CLASSIFICATION NUMBER | |
| Edition number | 23 |
| Classification number | 954.035 |
| Item number | DANM |
| 100 ## - MAIN ENTRY--PERSONAL NAME | |
| Personal name | S A Dange...[et.al] |
| 100 ## - MAIN ENTRY--PERSONAL NAME | |
| 9 (RLIN) | 70064 |
| 245 ## - TITLE STATEMENT | |
| Title | Mahatma: |
| Remainder of title | Marxist evaluation |
| 260 ## - PUBLICATION, DISTRIBUTION, ETC. | |
| Place of publication, distribution, etc. | New Delhi |
| Name of publisher, distributor, etc. | Peoples Publishing House |
| Date of publication, distribution, etc. | 1977 |
| 300 ## - PHYSICAL DESCRIPTION | |
| Extent | v,109p. |
| Other physical details | HB |
| Dimensions | 22x14cm. |
| 365 ## - TRADE PRICE | |
| Source of price type code | History |
| Price amount | 15.00 |
| Currency code | ₹ |
| Unit of pricing | 15.00 |
| 650 ## - SUBJECT ADDED ENTRY--TOPICAL TERM | |
| Topical term or geographic name entry element | Biography |
| 9 (RLIN) | 70057 |
| 650 ## - SUBJECT ADDED ENTRY--TOPICAL TERM | |
| Topical term or geographic name entry element | Indian History |
| 9 (RLIN) | 70058 |
| 650 ## - SUBJECT ADDED ENTRY--TOPICAL TERM | |
| Topical term or geographic name entry element | Mahatma Gandhi |
| 9 (RLIN) | 70059 |
| 700 ## - ADDED ENTRY--PERSONAL NAME | |
| Personal name | DANGE (S A) |
| 9 (RLIN) | 70060 |
| 700 ## - ADDED ENTRY--PERSONAL NAME | |
| Personal name | MUKERJEE (Hiren) |
| 9 (RLIN) | 70061 |
| 700 ## - ADDED ENTRY--PERSONAL NAME | |
| Personal name | SARDESAI (S G) |
| 9 (RLIN) | 70062 |
| 700 ## - ADDED ENTRY--PERSONAL NAME | |
| Personal name | SEN (Mohit) |
| 9 (RLIN) | 70063 |
| 942 ## - ADDED ENTRY ELEMENTS (KOHA) | |
| Source of classification or shelving scheme | Dewey Decimal Classification |
| Koha item type | Donated Books |
| Withdrawn status | Lost status | Source of classification or shelving scheme | Damaged status | Not for loan | Collection code | Home library | Current library | Date acquired | Total Checkouts | Full call number | Barcode | Date last seen | Price effective from | Koha item type | Public note |
|---|---|---|---|---|---|---|---|---|---|---|---|---|---|---|---|
| Dewey Decimal Classification | History | St Aloysius Library | St Aloysius Library | 12/15/2014 | 954.035 DANM | D05627 | 01/28/2023 | 01/28/2023 | Donated Books | Donated by V. T. Rajshekar |